000 00255nam a2200109Ia 4500
008 200302s9999 xx 000 0 und d
100 _aNuzhat Kazmi
245 _aIslamic Art The Past And Modern
260 _bRoli & Janssen
260 _c2009
300 _a144
999 _c4730
_d4730